000 00423nam a2200169Ia 4500
008 221030s9999 xx 000 0 und d
020 _a0074622358
041 _aEnglish
082 _a105.23
_bMal
100 _aA. P. Malvino
245 0 _aDigital Computer Electronics
_cby A. P. Malvino, A. J. Brown
260 _bTMH
_aNew Delhi
_c1999
300 _a522
650 _aBE Computer
700 _aA. J. Brown
942 _cBK
999 _c1142
_d1142